000 00665nam a2200229 4500
005 20260428112420.0
010 _aENG-148359-361
020 _a9788198479259
_c5650.00(Set of 3 Vols)
035 _aEN-131891-893
037 _bDBAD
082 _a954.022
_21
100 _aAbu-l Fazi
_988995
245 _aThe Akbarnama of Abu-l-Fazl/
_cAbū al-Faz̤l
250 _a3(Reprint)
260 _aDelhi
_bThe Asiatic Society
_c2026
270 _aPart Street
_bKolkata
_e700016
300 _avpp ;
_c22cm(Hb)
490 _v1,2,3
500 _aComplete English Translation
650 _a Mogul Empire.
_988996
942 _2ddc
_cEN
_h954.022
_mABU
999 _c215992
_d215992